| 000 | 04399nab a2200349 i 4500 | ||
|---|---|---|---|
| 003 | BR-BrBNA | ||
| 005 | 20240103151707.0 | ||
| 008 | 240103b2022 bl.ar|pooa||| 00| 0 eng | | ||
| 040 |
_aBR-BrBNA _beng |
||
| 072 |
_aF06 _b2320 |
||
| 072 | _aF60 | ||
| 072 | _aH50 | ||
| 100 | _aAmbrozim, Clodoaldo Spadeto | ||
| 100 | _aMedici, Leonardo Oliveira | ||
| 100 | _aCruz, Eleandro Silva da | ||
| 100 | _aAbreu, João Felício Gonçalves | ||
| 100 | _aCarvalho, Daniel Fonseca de | ||
| 245 | _aPhysiological response of black pepper (Piper nigrum L.) to deficit irrigation | ||
| 500 | _a Publicação online; 29 ref.; 6 illus.; Summaries (En, Pt) | ||
| 520 | _a ABSTRACT - Due to the amount of water used in the agricultural sector, compared to other activities, irrigation must be done carefully and based on knowledge of plant water relations. The aim of this work was to evaluate the physiological behavior of young black pepper plants (Piper nigrum L.), subjected to water defi cit, as well as the potential for recovery after stress. In 5 L pots, the plants were subjected to different irrigation levels (100; 78; 58 and 32% of the control depth), with irrigation management performed by an automatic controller from a water tension sensor in the soil. The following traits were evaluated: leaf osmotic potential (Ψo), relative water content (RWC), stomatal conductance (gs) and photosynthetic pigments. To evaluate the plants’ recovery capacity, substrate rehydration was performed when about 50% of the plants in a treatment had stomatal conductance (gs) close to zero. The different levels of water defi cit reduced the values of all traits. In the treatment 32%, values of -2.39 MPa for Ψo, 60% for RWC and gs close to zero were observed on the 28 th day of water restriction. After three days of rehydration of this treatment, the recovery of these values was partial, not reaching the values of the treatments 100 and 78%. Black pepper plants showed high susceptibility to water restrictions and low capacity for recovery after stress. Key words: Osmotic potential. Stomata. Stomatal conductance. Water stress | ||
| 520 | _a RESUMO - Em razão da quantidade de água utilizada no setor agropecuário, comparada às outras atividades, a irrigação deve ser feita de forma criteriosa e com base no conhecimento das relações hídricas vegetais. O objetivo deste trabalho foi avaliar o comportamento fisiológico de plantas jovens de pimenta-do-reino (Piper nigrumL.), submetidas a restrições hídricas, assim como o potencial de recuperação após o estresse. As plantas, cultivadas em potes de 5 L, foram submetidas a diferentes níveis de irrigação (100; 78; 58 e 32% da lâmina controle), com manejo realizado por acionamento automático a partir de um sensor de tensão da água no solo. Foram avaliados: potencial osmótico foliar (Ψo), conteúdo relativo de água (CRA), condutância estomática (gs) e pigmentos fotossintéticos. Para avaliar a capacidade de recuperação das plantas, houve reidratação do substrato quando cerca de 50% das plantas de um tratamento apresentassem condutância estomática (gs) próxima a zero. Os diferentes níveis de déficit hídrico reduziram os valores de todas as variáveis. No tratamento 32% foram observados valores de -2,39 MPa para Ψo, 60% para CRA e gs próxima a zero no 28º dia de restrição hídrica. Após três dias de reidratação deste tratamento, a recuperação desses valores foi parcial, não atingindo os valores dos tratamentos 100 e 78%. Plantas de pimenta do reino exibiram elevada susceptibilidade a restrições hídricas e baixa capacidade de recuperação após estresse. Palavras-chave: Potencial osmótico. Estômatos. Condutância estomática. Estresse hídrico. | ||
| 650 | _aPIMENTA- DO- REINO | ||
| 650 | _aDEFICIÊNCIA HÍDRICA | ||
| 650 | _aSTRESS | ||
| 650 | _aIRRIGAÇÃO | ||
| 650 | _aTECNOLOGIA APROPRIADA | ||
| 650 | _aFISIOLOGIA VEGETAL | ||
| 773 | 0 |
_04290 _9275632 _dFortaleza-CE Universidade Federal do Ceará. Centro de Ciências Agrárias 2002 _o2023-437432 _tRevista Ciência Agronômica (Brazil) _x0045-6888; 1806-6690 (on-line) _gv. 53 p. 1-10; (2022) _wBR2023002210 |
|
| 856 | _uhttps://www.scielo.br/j/rca/a/vtMZBLmqZSZfVn98Hqmznty/?format=pdf&lang=en | ||
| 942 | _cAnalítica | ||
| 999 |
_c260183 _d260183 |
||